CLINICAS MEDICAS DE NORTEAMERICA : (Registro nro. 58394)
[ vista simple ]
| 000 -LEADER | |
|---|---|
| fixed length control field | 00483nam a2200157 a 4500 |
| 001 - CONTROL NUMBER | |
| control field | 58394 |
| 005 - DATE AND TIME OF LATEST TRANSACTION | |
| control field | 20180714055001.0 |
| 008 - FIXED-LENGTH DATA ELEMENTS--GENERAL INFORMATION | |
| fixed length control field | 140415s1984 mx 000 0 spa d |
| 041 ## - LANGUAGE CODE | |
| Language code of text/sound track or separate title | spa |
| 082 ## - DEWEY DECIMAL CLASSIFICATION NUMBER | |
| Classification number | 610 |
| Item number | CLI |
| 245 00 - TITLE STATEMENT | |
| Title | CLINICAS MEDICAS DE NORTEAMERICA : |
| Remainder of title | ALCOHOL ETILICO Y ENFERMEDADES |
| 250 ## - EDITION STATEMENT | |
| Edition statement | 1a ed. |
| 260 ## - PUBLICATION, DISTRIBUTION, ETC. | |
| Place of publication, distribution, etc. | MEXICO : |
| Name of publisher, distributor, etc. | INTERAMERICANA-MCGRAW-HILL, |
| Date of publication, distribution, etc. | 1984 |
| 700 1# - ADDED ENTRY--PERSONAL NAME | |
| Personal name | VELA TREVIÑO, HOMERO |
| Relator term | tr. |
| 740 ## - ADDED ENTRY--UNCONTROLLED RELATED/ANALYTICAL TITLE | |
| Uncontrolled related/analytical title | THE MEDICAL CLINICS OF NORTH AMERICA |
| Withdrawn status | Lost status | Source of classification or shelving scheme | Damaged status | Not for loan | Collection code | Home library | Current library | Shelving location | Date acquired | Source of acquisition | Inventory number | Total Checkouts | Full call number | Barcode | Date last seen | Price effective from | Koha item type | Date last checked out |
|---|---|---|---|---|---|---|---|---|---|---|---|---|---|---|---|---|---|---|
| Dewey Decimal Classification | General | Biblioteca Karol Wojtyla | Biblioteca Karol Wojtyla | Área de silencio | 03/12/2013 | Compra | 151000000000000000010885 | 610 CLI | 87992 | 05/01/2026 | 03/12/2013 | Libro | ||||||
| Dewey Decimal Classification | General | Biblioteca Karol Wojtyla | Biblioteca Karol Wojtyla | Área de silencio | 03/12/2013 | Compra | 151000000000000000010884 | 610 CLI | 87993 | 05/01/2026 | 03/12/2013 | Libro | 16/05/2015 |